00303 a2200109 4500001000700000020000600007040001100013100003900024240006300063245005800126362000900184158619 a  cMagnum aEnciclopaedia Britannica do Brasil10aEnciclopedia barsa/livro do ano 1997/ciencia e futurolpor10aEnciclopedia barsa/livro do ano 1997/ciencia e futuro0 a1899